Journey with My Prince/ (Record no. 216386)

MARC details
000 -LEADER
fixed length control field 00493nam a22001937a 4500
005 - DATE AND TIME OF LATEST TRANSACTION
control field 20260527163013.0
010 ## - LCCN (DPL NO)
LC control number ENG-148638
020 ## - INTERNATIONAL STANDARD BOOK NUMBER
International Standard Book Number 9789395485760
Terms of availability 299.00
035 ## - SYSTEM CONTROL NUMBER
System control number EN-132170
037 ## - SOURCE OF ACQUISITION
Source of stock number/acquisition DBAD
082 ## - DEWEY DECIMAL CLASSIFICATION NUMBER
Classification number N
100 ## - MAIN ENTRY--PERSONAL NAME
Personal name Unny, Lakshmi
245 ## - TITLE STATEMENT
Title Journey with My Prince/
Statement of responsibility, etc Lakshmi Unny
250 ## - EDITION STATEMENT
Edition statement 1
260 ## - PUBLICATION, DISTRIBUTION, ETC. (IMPRINT)
Place of publication, distribution, etc Kerala
Name of publisher, distributor, etc Cosmo Books
Date of publication, distribution, etc 2024
270 ## - ADDRESS
City Kerala
Electronic mail address cosmobooks@asianetindia.com
300 ## - PHYSICAL DESCRIPTION
Extent 152p.
Other physical details Index
Dimensions 22cm(pb)
942 ## - ADDED ENTRY ELEMENTS (KOHA)
Source of classification or shelving scheme Dewey Decimal Classification
Item type English Books
Classification part N
Call number suffix UNN
Holdings
Withdrawn status Lost status Not for loan Collection code Home library Current library Date acquired Source of acquisition Cost, normal purchase price Full call number Barcode Copy number Cost, replacement price Koha item type
      Fiction Tri Nagar Tri Nagar 27/05/2026 Delivery of Books Act Division 299.00 N UNN EN-132170 1 299.00 English Books

© Delhi Public Library
Hit Counter
free hit counter